Statistiken für Länder am Nullmeridian und 180. Längengrad

Klicken Sie hier um das Quiz zu spielen!

Allgemein

  • Dieses Quiz wurde 73 mal gespielt
  • Das Durchschnittsergebnis liegt bei 8 aus 10

Antwortstatistiken

Nullmeridian% Korrekt
Vereinigtes Königreich
94%
Frankreich
92%
Algerien
86%
Ghana
86%
Mali
86%
Spanien
86%
Togo
79%
Burkina Faso
77%
Russland
62%
Fidschi
34%

Verteilung der Resultate

Perzentil nach korrekt beantworteten Fragen

Anzahl Personen mit jedem Resultat

Ihre Resultats-Entwicklung

Sie haben dieses Quiz noch nicht gespielt